| 000 | 00000nas 2200000za 4500 |
| 001 | 9.502602 |
| 003 | CaOODSP |
| 005 | 20230905110626 |
| 007 | cr ||||||||||| |
| 008 | 150406d20022004xxc|| p o||||f| |0fre|d |
| 040 | |aCaOODSP|bfre |
| 043 | |an-cn--- |
| 086 | 1 |aFA1-8F-PDF |
| 245 | 00|aRapport de la vérificatrice générale à l'Assemblée législative des Territoires du Nord-Ouest. |
| 264 | 1|aOttawa, Ontario : |bBureau du vérificateur général du Canada |
| 310 | |aAnnuel |
| 362 | 1 |aParaît depuis 2002; ne paraît plus après 2004? |
| 710 | 1 |aCanada. |bBureau du vérificateur général, |eorganisme de publication. |
| 775 | 08|tReport of the Auditor General to the Northwest Territories Legislative Assembly |w(CaOODSP)9.506203 |